000 00819nam a2200205Ia 4500
999 _c65202
_d65202
005 20240530110812.0
008 140319s1993 au a b 000 0 ara d
040 _aGCL /
_cGCL
082 0 4 _221
_a737.4 /
_bض ز
100 0 _aضيف الله بن يحيى الزهرانى
245 1 0 _aزيف النقود الاسلامية :
_bمن صدر الاسلام حتى نهاية العصر المملوكى /
_cتأليف ضيف الله بن يحيى الزهرانى
250 _aط.1
260 _aالقاهرة :
_bالمؤلف،
_c1993 .
300 _a149 ص. :
_bايض. ؛
_c24 سم.
650 0 7 _aالنقود الاسلامية
_2qrmak
650 0 7 _aالنقود الاسلامية
_yالعصر المملوكى
651 _2qrmak
942 _2ddc
_cBK